| 000 | 00478nam a2200181Ia 4500 | ||
|---|---|---|---|
| 003 | OSt | ||
| 005 | 20220621055709.0 | ||
| 008 | 211109s9999||||xx |||||||||||||| ||und|| | ||
| 040 | _cSBCL | ||
| 082 |
_a591.954 IND-R _bSEW-R |
||
| 100 | _a Indian Museum (Calcutta) | ||
| 245 | 0 | _aRecords of the Indian Museum | |
| 260 |
_bZoological Survey of India _aCalcutta _c1919 |
||
| 300 | _a300p. | ||
| 630 | _xGeneral Stack | ||
| 650 |
_aindia _vmuseum _xZoology _2Science |
||
| 942 | _cBOOK | ||
| 999 |
_c2185 _d2185 |
||